Rāmmakathā. (Record no. 82913)

MARC details
000 -LEADER
fixed length control field 00566cam a22002171 4500
001 - CONTROL NUMBER
control field sa 68009459
003 - CONTROL NUMBER IDENTIFIER
control field DLC
005 - DATE AND TIME OF LATEST TRANSACTION
control field 20260227112542.0
008 - FIXED-LENGTH DATA ELEMENTS--GENERAL INFORMATION
fixed length control field 890620s1966 ii a 000 0 rajo
010 ## - LIBRARY OF CONGRESS CONTROL NUMBER
LC control number sa 68009459
035 ## - SYSTEM CONTROL NUMBER
System control number (OCoLC)19902400
040 ## - CATALOGING SOURCE
Original cataloging agency DLC
Transcribing agency WaU
Modifying agency DLC
042 ## - AUTHENTICATION CODE
Authentication code premarc
050 00 - LIBRARY OF CONGRESS CALL NUMBER
Classification number PK2708.9.S47
Item number R3
100 1# - MAIN ENTRY--PERSONAL NAME
Personal name Sharma, Vishwa Nath,
Dates associated with a name 1927-
245 10 - TITLE STATEMENT
Title Rāmmakathā.
260 ## - PUBLICATION, DISTRIBUTION, ETC.
Date of publication, distribution, etc. [1966]
300 ## - PHYSICAL DESCRIPTION
Extent 1 v. (various pagings)
Other physical details illus. (part col.)
Dimensions 23 cm.
500 ## - GENERAL NOTE
General note In Rajasthani.
650 #0 - SUBJECT ADDED ENTRY--TOPICAL TERM
Topical term or geographic name entry element Rāma (Hindu deity)
Form subdivision Poetry.

No items available.

Powered by Koha